000 00578nam a2200217Ia 4500
005 20260429112059.0
008 260429s9999||||xx |||||||||||||| ||und||
020 _a9788126937486
041 _aEnglish
082 _a297.0954
_bYAS
100 _aYasin, Mohammad
245 0 _aIslam in India :
_ba reading in history /
_cMohammad Yasin
250 _a1st ed.
260 _aNew Delhi :
_bAtlantic Publishers and Distributors,
_c2025.
300 _ax, 184 p.; hb
650 _a History
650 _a India
650 _aIslam
700 _a Yasin, Madhavi
942 _cTB
999 _c52245
_d52245